| 000 | 02332nam a2200301Ia 4500 | ||
|---|---|---|---|
| 005 | 20250223033114.0 | ||
| 008 | 231030s9999 xx 000 0 und d | ||
| 049 | _aDeposit | ||
| 082 | _a621.319 | ||
| 097 | _aM.Sc | ||
| 099 | _aCai01.13.07.M.Sc.2022.Mo.P | ||
| 100 | _aMohamed Niazi Taha Elfikky, | ||
| 245 |
_aPerformance of high voltage direct current circuit breaker during and after arc interruption process / _cBy Mohamed Niazi Taha Elfikky ; Supervision Ahdab ElMorshedy, Mohammed Ahmed ElShahat. |
||
| 246 | _aأداء قاطع الجهد العالى للتيار المستمر اثناء و بعد عملية إطفاء القوس الكهربى | ||
| 260 | _c2022. | ||
| 502 | _aThesis (M.Sc.)-Cairo University,2022. | ||
| 504 | _aBibliography: p. 100-97. | ||
| 520 | _aفي هذه الأطروحة ، قمنا بمحاكاة القوس باستخدام طريقتين مختلفتين للحصول على رؤية شاملة للعوامل المختلفة التي تؤثر على عملية قطع القوس الكهربى. أولاً ، استخدمنا أداة MATLABSimulink لمحاكاة القوس باستخدام نموذج Mayr arc ، والذي أعطانا التيار والجهد لـ CB أثناء عملية قطع القوس الكهربى. ثم استخدمناFluent ANSYS لمحاكاة نموذج القوس الفيزيائي الذي يعطينا شرحًا جيدًا للتفاعل بين القوس وتدفق السوائل داخل القاطع الكهربى أثناء عملية قطع القوس الكهربى.وجدنا أن عطل ارضى من شأنه أن يتسبب في توليد حرارة هائلة مما يؤدي إلى انخفاض في قوة العزل لغاز SF6 بعد انقطاع القوس مما يؤدي إلى تفريغ كهربائى حول الملامس المجوف ، ووجدنا أيضًا أن الانخفاض في قطر الملامس الصلب قد يتسبب في انخفاض في قدرات الانقطاع في CB | ||
| 650 | _aElectrical Power and Machines Engineering | ||
| 653 | _aHVDC | ||
| 700 | _aMohammed ElShahat | ||
| 856 | _uhttp://172.23.153.220/th.pdf | ||
| 905 | _aMohamady | ||
| 942 |
_cTH _2ddc |
||
| 999 |
_c163987 _d163987 |
||
| 336 |
_2rda content _atext |
||
| 337 |
_2rdamedia _aUnmediated |
||
| 338 |
_2rdacarrier _avolume |
||